Zodiac Signs Quiz #1 - Statistics

General Stats
  • This quiz has been taken 824 times
  • The average score is 9 of 12
Answer Stats
Hint Answer % Correct
Crab Cancer
97%
Twins Gemini
86%
April 21 - May 21 Taurus
86%
Water Bearer Aquarius
85%
Equal Libra
82%
2nd Earth Sign Virgo
76%
3rd Water Sign Pisces
75%
Ruled by Mars Aries
74%
9th Sign Sagittarius
74%
Opposite of Cancer Capricorn
73%
The Murderer Scorpio
73%
2nd Fixed Sign Leo
69%
No matching quizzes found
Score Distribution
Percent of People with Each Score
Percentile by Number Answered
Your Score History
You have not taken this quiz